000 00578nam a2200205Ia 4500
005 20250508162652.0
008 008 250505s9999 xx 000 0 eng d
020 _a0-631-14626-1
037 _aTextual
040 _aFEDL
_beng
_cFEDL
041 _aeng
_2eng
084 _a155, RUS
_qFEDL
100 _aRussell James
245 0 _aPhilosophical perspectives on developmental psychology
260 _aOxford, UK
_bBasil Blackwell
_c1987
300 _aix,262p.
650 _aDevelopmental Psychology
942 _cTEXL
_h155, RUS
999 _c1377955
_d1377955